Je rozlišovanie dvoch druhov „kresťanskej filozofie“ zmysluplné?
Polemika o dvoch druhoch kresťanskej filozofie, augustiniánsky a tomistický. Tomistický model predpokladá aspoň v istej fáze augustiniánsky postup. Striktné rozlíšenie dvoch typov a používanie výrazov označujúcich vzťah náboženstva a filozofie.
Gespeichert in:
| 1. Verfasser: | |
|---|---|
| Format: | Buchkapitel |
| Sprache: | Slowakisch |
| Schlagworte: | |
| Tags: |
Keine Tags, Fügen Sie das erste Tag hinzu!
|
MARC
| LEADER | 00000naa a2200000 4500 | ||
|---|---|---|---|
| 001 | 0229158 | ||
| 005 | 20220725085155.0 | ||
| 041 | 0 | |a slo | |
| 044 | |a SK | ||
| 245 | 1 | 0 | |a Je rozlišovanie dvoch druhov „kresťanskej filozofie“ zmysluplné? |c Ján Hrkút |
| 520 | |a Polemika o dvoch druhoch kresťanskej filozofie, augustiniánsky a tomistický. Tomistický model predpokladá aspoň v istej fáze augustiniánsky postup. Striktné rozlíšenie dvoch typov a používanie výrazov označujúcich vzťah náboženstva a filozofie. | ||
| 610 | 2 | 0 | |a filozofia |
| 610 | 2 | 0 | |a metódy poznania |
| 610 | 2 | 0 | |a filozofi |
| 610 | 2 | 0 | |a smery filozofické |
| 610 | 2 | 0 | |a kresťanstvo |
| 610 | 2 | 0 | |a náboženstvo |
| 610 | 2 | 0 | |a teológia |
| 100 | 1 | |a Hrkút, Ján | |